Biblioteca y Centro de Documentación

Vista normal Vista MARC

Entrada Nombre personal

Número de registros utilizados en: 18

001 - NÚMERO DE CONTROL

  • Campo de control: 15211

003 - IDENTIFICADOR DE NÚMERO DE CONTROL

  • Campo de control: ES-MaCES

005 - FECHA Y HORA DE LA ULTIMA MODIFICACION

  • Campo de control: 20150129132757.0

008 - ELEMENTOS DE DATOS DE LONGITUD FIJA

  • Campo de longitud fija: 981124 | azznnaabn |n aaa d

035 ## - NÚMERO DE CONTROL DEL SISTEMA

  • Número de control del sistema: CES19980041713n

040 ## - FUENTE DE LA CATALOGACIÓN

  • Agencia original de catalogación: ES-MaCES
  • Idioma de catalogación: spa
  • Agencia de transcripción: ES-MaCES

100 1# - ENCABEZAMIENTO--NOMBRE DE PERSONA

  • Nombre personal: Iranzo Martín, Juan

400 ## - TRAZADO VEÁSE--NOMBRE DE PERSONA

  • Nombre personal: Iranzo Martín, Juan E.

400 ## - TRAZADO VEÁSE--NOMBRE DE PERSONA

  • Nombre personal: Iranzo Martín, Juan Emilio

670 ## - FUENTE DE DATOS ENCONTRADOS

  • Fuente de citación: Bibliografía Nacional

901 ## - CES. DATOS SIRTEX

  • ID Sirtex (N5N8): 0001500004171
  • 005BIS Sirtex: 199811241201MIG
© CES, Consejo Económico y Social de España 2021